Japan's growing technological capability : (Record no. 12155)

000 -LEADER
fixed length control field 00858cam a2200241 a 4500
020 ## - INTERNATIONAL STANDARD BOOK NUMBER
ISBN 0309047803
040 ## - CATALOGING SOURCE
Transcribing agency DLC
082 ## - DEWEY DECIMAL CLASSIFICATION NUMBER
Classification number 330 NAT 1992 A018 Or.
245 00 - TITLE STATEMENT
Title Japan's growing technological capability :
Remainder of title implications for the U.S. economy /
260 ## - PUBLICATION, DISTRIBUTION, ETC. (IMPRINT)
Place of publication Washington, D.C. :
Name of publisher National Academy Press,
Year of publication 1992.
300 ## - PHYSICAL DESCRIPTION
Number of Pages viii, 235 p. :
Other physical details ill. ;
Dimensions 23 cm.
500 ## - GENERAL NOTE
General note "Committee on Japan, Office of Japan Affairs [and] Office of International Affairs, National Research Council."
650 #0 - SUBJECT ADDED ENTRY--TOPICAL TERM
Topical Term Technological innovations
650 #0 - SUBJECT ADDED ENTRY--TOPICAL TERM
Topical Term Technological innovations
650 #0 - SUBJECT ADDED ENTRY--TOPICAL TERM
Topical Term High technology industries
650 #0 - SUBJECT ADDED ENTRY--TOPICAL TERM
Topical Term High technology industries
650 #0 - SUBJECT ADDED ENTRY--TOPICAL TERM
Topical Term Competition
650 #0 - SUBJECT ADDED ENTRY--TOPICAL TERM
Topical Term Competition
700 1# - ADDED ENTRY--PERSONAL NAME
Personal name Arrison, Thomas S.
710 2# - ADDED ENTRY--CORPORATE NAME
Corporate name or jurisdiction name as entry element National Research Council (U.S.).
710 2# - ADDED ENTRY--CORPORATE NAME
Corporate name or jurisdiction name as entry element National Research Council (U.S.).
942 ## - ADDED ENTRY ELEMENTS (KOHA)
Koha item type សៀវភៅភាសាអង់គ្លេស
952 ## - LOCATION AND ITEM INFORMATION (KOHA)
Withdrawn status [LOCAL, KOHA] 0
Holdings
Permanent Location Date acquired Koha item type Lost status Shelving location Barcode Current Location Full call number
Library Block A2017-08-10សៀវភៅភាសាអង់គ្លេស A018A16328Library Block A330 NAT 1992 A018 Or.
មជ្ឈមណ្ឌលឯការនៃសាកលវិទ្យាល័យភូមិន្ទកសិកម្មចំការដូង

Powered by Koha